00653nam a2200169Ia 4500008004100000020001500041041000800056082001500064100002100079245012100100250000600221260006100227300001700288650003000305999001900335952012900354210716s2003 xx 000 0 und d a0070486964 aeng a658.3 CASW aCascio, Wayne F. aManaging human resources: productivity, quality of work life, profits.bProductivity, quality of work life, profits. a7 aNew DelhibTata McGraw Hill Publishing Company Ltdc2003 axxx,706/2006 aHuman Resource Management c201386d201386 00102ddc40738MBAaAIMITbAIMITd2006-08-16g399.00l0o658.3 CASWpMBA03952r2025-07-21 00:00:00v319.20w2021-07-16yBK